| 000 | 00932cam a2200277 a 4500 | ||
|---|---|---|---|
| 001 | 1120 | ||
| 005 | 20250331121344.0 | ||
| 020 | _a0836827546 (lib. bdg.) | ||
| 040 |
_aDLC _cDLC _dDLC _beng |
||
| 050 | 0 | 0 |
_aPZ7.A6483 _bCo 2000 |
| 082 | 0 | 0 |
_a[Fic] _221 |
| 100 | 1 | _aApplegate, Katherine | |
| 245 | 1 | 4 |
_aThe conspiracy / _cK.A. Applegate |
| 250 | _aNorth American ed. | ||
| 260 |
_aNew York : _bScholastic, _c1999 |
||
| 300 |
_a139 pages, 4 unnumbered pages : _c20 cm |
||
| 490 | 1 |
_aAnimorphs _vBook 31 |
|
| 505 | _aN | ||
| 520 | _aThe Yeerk that controls Jake's brother Tom is desperate to keep Tom from going with the family to his great-grandfather's funeral, even if he has to kill Jake's father. | ||
| 521 |
_a560
_bLexile |
||
| 521 |
_aN
_bRaz-Plus |
||
| 650 | 1 | _aScience fiction. | |
| 650 | 1 |
_aExtraterrestrial beings _vFiction. |
|
| 906 |
_a7 _bcbc _corignew _d1 _eocip _f20 _gy-gencatlg |
||
| 942 |
_2ddc _cBK _n0 |
||
| 999 |
_c1120 _d1120 |
||